000 00575nam a22002057a 4500
005 20260515115044.0
008 240928b |||||||| |||| 00| 0 eng d
020 _a9789355016577
040 _aIN-DiNC
_cIN-DiNC
041 _deng
082 _a954.03
_bSIN
100 _aSingh, Brijesh
_eauthor
245 _aComprehensive modern history/
_cby Brijesh Singh
250 _a1st ed.
260 _aNew Delhi:
_bS chand,
_c2023.
300 _a406p.
650 _aIndian history from 1707 to modern times
650 _aIndian history for competitive exams
942 _2ddc
_cBK
999 _c11993
_d11993